Mluvnica a pravopis pre ľud. školy

Bibliographic Details
Main Author: Bodický, Daniel, 1864-1932 (Author)
Format: Book
Language:Slovak
PhysicalDescription:109 s. 8°
Published: Praha Prešov Čsl. Graf. Unia 1926
Edition:12. preprac. vyd.
Subjects:

MARC

LEADER 00000nam a2200000 a 4500
001 vtls008364887
003 SK-MaSNL
005 20260301043149.0
008 251124s1926 xo slo
015 |a SKSNBA19191938-000736 
035 |a SK01SNKBSKHR20020057104 
035 |a SKM000059567 
040 |a SNK  |b slo  |c SNK  |e AACR2 
041 1 |a slo 
044 |a xo  |a xr 
080 |a 372(075)  |2 1981 
100 1 |a Bodický, Daniel,  |d 1864-1932  |4 aut  |9 252087 
245 1 0 |a Mluvnica a pravopis pre ľud. školy  |c Daniel Bodický 
250 |a 12. preprac. vyd. 
260 |a Praha  |a Prešov  |b Čsl. Graf. Unia  |c 1926  |e Praha  |e Prešov  |f Čsl. Graf. Unia 
300 |a 109 s.  |c 8° 
650 0 7 |a slovenčina  |2 SNK  |9 1350 
655 7 |a učebnice  |2 SNKPH  |9 22521 
852 |a Slovenská národná knižnica v Martine  |b 10000  |h MS SC 41045 
958 |a OND 
958 |a RK 
958 |a TL 
999 |c 592856  |d 594786 
952 |a SNK  |b SNK  |y VYP  |7 0  |p 17A1076796  |o snkSC 41045 D1  |i snkD 118/78  |8 1  |0 0  |1 0  |4 0  |d 2014-09-18  |l 0  |r 2026-02-23 15:29:50  |w 2026-02-23